01098cam a2200289 a 4500999001700000001000900017003000400026005001700030008004100047010001700088020001500105040001800120050002000138082001700158100002300175245014800198246003000346260006800376300003400444650004300478650004400521700002100565700002300586906004500609942003200654952012200686 c27767d2776712595022OSt20170210115811.0011120s2001 njua 000 0 eng  a 00133928  a0878918817 aDLCcDLCdDLC00aQC32b.B84 200100a530/.0762211 aBrown, Larry Dale.14aThe best test preparation for the advanced placement examination for both physics B & C /cLarry Dale Brown, Steven Brehmer, Michael L. Lemley.18aAp for both physics B & C aPiscataway, N.J. :bResearch and Education Association,cc2001. axiv, 305 p. :bill. ;c26 cm. 0aPhysicsvExaminations, questions, etc. 0aAdvanced placement programs (Education)1 aBrehmer, Steven.1 aLemley, Michael L. a7bcbccorigcopd2encipf20gy-gencatlg 2lcccBOOKShQC 32 .B76 2001 00102lcc4070aMUCbMUCcTECHd2017-02-10eDonation (BFA)l0oQC 32 .B76 2001p35605r2017-02-10w2017-02-10yBOOKS